000 00959cam a2200289 a 4500
999 _c19567
_d19567
001 3067196
003 BDDh-ASL
005 20231015025804.0
008 960725s1996 ii 000 0 eng
010 _a 96901177
020 _a8185604185
025 _aI-E-96-901177; 69-90
040 _aDLC
_cDLC
_dBDDh-ASL
042 _alcode
043 _aa-ii---
050 0 0 _aBL1211
_b.I43 1996
082 0 0 _a294.5086
_221
_bILW
100 1 _aIlaiah, K.
_q(Kancha),
_d1952-
245 1 0 _aWhy I am not a Hindu :
_ba Sudra critique of Hindutva, philosophy, culture, and political economy /
_cKancha Ilaiah.
260 _aCalcutta :
_bSamya ;
_aBombay :
_bDistributed by Bhatkal Books International,
_cc1996.
300 _axii, 132 p. ;
_c22 cm.
650 0 _aHinduism
_xControversial literature.
651 0 _aIndia
_xSocial life and customs.
906 _a7
_bcbc
_corigode
_d3
_encip
_f19
_gy-gencatlg
942 _2ddc
_cBK